000 00441nam a2200181Ia 4500
001 9134
005 20260306160701.0
008 260306t2009||||xx |||||||||||||| ||spa||
041 _aESP
082 _a372.86
_bP77
100 _aPonce de León, Ana (coord.)
_eAUT
245 0 _aEducación motriz para niños de 0 a 6 años
260 _c2009
300 _a235páginas :
_c
650 _aGEN
654 _aCED
942 _cLIB
_dJUS
_fJUS
_2ddc
_n
999 _c9134
_d9134